Statistics for 100 Biggest Cities in 1950

Click here to take the quiz!

General Stats

  • This quiz has been taken 436 times
  • The average score is 56 of 100

Answer Stats

Population City % Correct
7,891,957New York
100%
1,970,358Los Angeles
96%
3,620,962Chicago
96%
596,163Houston
93%
249,276Miami
93%
2,071,605Philadelphia
93%
801,444Boston
92%
434,462Dallas
92%
1,849,568Detroit
91%
775,357San Francisco
90%
802,178Washington, DC
90%
467,591Seattle
89%
331,314Atlanta
89%
334,387San Diego
89%
106,818Phoenix
87%
570,445New Orleans
87%
415,786Denver
85%
521,718Minneapolis
85%
408,442San Antonio
84%
949,708Baltimore
84%
373,628Portland
84%
856,796St Louis
81%
914,808Cleveland
81%
129,553Kansas City, KS
81%
427,173Indianapolis
81%
456,622Kansas City, MO
81%
132,459Austin
80%
174,307Nashville
79%
396,000Memphis
78%
204,517Jacksonville
77%
243,504Oklahoma City
76%
637,392Milwaukee
76%
676,806Pittsburgh
76%
124,681Tampa
73%
375,901Columbus
72%
580,132Buffalo
72%
134,042Charlotte
72%
182,121Salt Lake City
71%
130,485El Paso
70%
503,998Cincinnati
70%
137,572Sacramento
70%
134,995Albany
67%
326,037Birmingham
64%
230,310Richmond
64%
369,129Louisville
63%
125,629Baton Rouge
62%
248,674Providence
61%
162,399Springfield
60%
311,349St Paul
59%
251,117Omaha
59%
438,776Newark
56%
177,965Des Moines
55%
278,778Fort Worth
55%
182,740Tulsa
54%
384,575Oakland
54%
177,397Hartford
53%
332,488Rochester
52%
303,616Toledo
51%
299,017Jersey City
50%
274,605Akron
48%
220,583Syracuse
47%
164,443New Haven
46%
119,638Savannah
44%
168,279Wichita
44%
243,872Dayton
42%
176,515Grand Rapids
41%
124,769Knoxville
40%
128,009Trenton
40%
213,513Norfolk
38%
129,009Mobile
38%
130,803Erie
35%
158,709Bridgeport
33%
250,767Long Beach
33%
133,607Fort Wayne
32%
161,721Spokane
32%
125,536Scranton
32%
108,287Corpus Christi
31%
203,486Worcester
29%
133,911Gary
29%
106,756Allentown
27%
163,143Flint
27%
110,356Wilmington
27%
152,798Yonkers
26%
135,449Arlington
25%
131,041Chattanooga
25%
127,206Shreveport
22%
168,330Youngstown
21%
143,673Tacoma
21%
120,740Cambridge
20%
111,856Peoria
18%
124,555Camden
18%
115,911South Bend
17%
128,636Evansville
17%
139,336Paterson
16%
112,817Elizabeth
15%
116,912Canton
14%
109,320Reading
13%
111,963Fall River
10%
109,189New Bedford
8%
113,805Berkeley
6%

Score Distribution

Percentile by Number Answered

Percent of People with Each Score

Your Score History

You have not taken this quiz